League of Legends - Lore et univers #2 - Statistiques

Statistiques générales
  • Ce quiz a été pris 457 fois
  • Le résultat moyen est 5 sur 15
Statistiques - réponses
Hint Réponse % Correct
Combien de démons primordiaux se sont éveillés à Runeterra ? 1
89%
Comment se nomme la conspiration qui contrôle secrètement Noxus et complota contre le féroce chef de guerre Sahn-Uzal ? La Rose Noire
72%
Qu'est-ce qu'Azir souhaitait abolir avant que son servant ne le trahisse ? L'esclavage
71%
Qui a réduit en cendres l'Âtre Foyer lors d'un affrontement avec Ornn ? Volibear
69%
Dans quelle cité un artefact mystérieux a-t-il ouvert une faille vers le néant ? Icathia
28%
Comment s'appelle la matière qui absorbe la magie ? La Pétricite
28%
Comment s'appelle le produit de la glace pure et de la matière corrompue par le néant ? La glace noire
26%
Quel est le nom du dieu que vénère Illaoi ? Nagakabouros
25%
Laquelle des trois sœurs du Freljord ne donne son nom ni à un champion ni à un item ? Avarosa
23%
Qui est celui que l'on nomme Deux-Vestes ? Tahm Kench
16%
Qui est le démon doré ? Jhin
14%
Le temps file comme une flèche, les fruits comme des ... Bananes
10%
Comment se nomme les monstres engendrés par un rituel de l'ascension raté ? Baccai
7%
Quelle est la tribu qui a offert le premier disque solaire à l'empereur de Nerimazeth ? Les Solaris
7%
Comment s'appelle la race dont faisaient partie les ancêtres de Neeko notamment ? Vastayashai'rei
6%
Aucun quiz correspondant
Distribution des résultats
% des personnes avec chaque résultat
Percentile par nombre de réponses
Votre historique - résultats
Vous n’avez pas pris ce quiz